| 000 | 01048nam a2200301 i 4500 | ||
|---|---|---|---|
| 001 | 26993 | ||
| 003 | ES-MaACL | ||
| 005 | 20250917063028.0 | ||
| 007 | t| | ||
| 008 | 030113s1979 sp ||||1| spa d | ||
| 020 | _a842061663X | ||
| 040 | _cES-MaACL | ||
| 100 | 1 |
_aAsimov, Isaac _923610 _eaut |
|
| 245 | 1 | 0 |
_aCien preguntas básicas sobre la ciencia / _cIsaac Asimov ; [traductor, Miguel Paredes Larrucea]. |
| 246 | 3 | _a100 preguntas básicas sobre la ciencia | |
| 250 | _aTercera edición | ||
| 260 |
_aMadrid : _bAlianza Editorial, _c1979. |
||
| 300 |
_a205 páginas ; _c18 cm. |
||
| 490 | 1 | 3 |
_aEl libro de bolsillo. Ciencia y técnica ; _v663 |
| 650 | 0 | 4 |
_aCiencia- _vObras de divulgación _910959 |
| 655 | 0 |
_9176636 _aEnsayos |
|
| 700 | 1 |
_aParedes Larrucea, Miguel _989050 _etrl |
|
| 830 | 1 | 3 |
_aEl libro de bolsillo. _pCiencia y técnica _v663 _9181079 |
| 852 |
_aES-MaACL _jA-10512 _928013 _cDEPO1 |
||
| 942 |
_cMONOGRAFIA _n0 |
||
| 999 |
_c26993 _d26993 |
||